[Event "SC Bechhofen 1923 e.V. 2-SC Noris-Tarras"]
[Site "?"]
[Date "2012.11.18"]
[Round "3.7"]
[White "Zippel, Harald"]
[Black "Lechner, Hans-Dieter"]
[Result "0-1"]
[WhiteElo "1856"]
[BlackElo "1825"]
[PlyCount "59"]
[EventDate "2012.??.??"]
[WhiteTeam "SC Noris-Tarrasch N 1873 e.V. 5"]
[BlackTeam "SC Bechhofen 1923 e.V. 2"]

1. e4 c5 2. Nc3 e6 3. f4 d5 4. exd5 exd5 5. Bb5+ Nc6 6. d4 Nf6 7. Nf3 Bg4 8.
Qe2+ Be7 9. Be3 O-O 10. Bxc6 bxc6 11. O-O Re8 12. Qf2 cxd4 13. Bxd4 Qa5 14. Ne5
Rac8 15. Nxg4 Nxg4 16. Qg3 Bc5 17. Qxg4 Bxd4+ 18. Kh1 Bxc3 19. bxc3 Qxc3 20. f5
Re4 21. Qf3 Re3 22. Qf2 f6 23. Rae1 Rce8 24. Rxe3 Rxe3 25. h3 Qe5 26. Qd2 Qe4
27. Rf2 Rxh3+ 28. Kg1 Re3 29. Kf1 Qe5 30. Qa5 0-1

[Event "SC Bechhofen 1923 e.V. 2-SC Noris-Tarras"]
[Site "?"]
[Date "2012.11.18"]
[Round "3.8"]
[White "Christ, Helmut"]
[Black "Kelm, Klaus"]
[Result "0-1"]
[WhiteElo "1623"]
[BlackElo "1848"]
[PlyCount "84"]
[EventDate "2012.??.??"]
[WhiteTeam "SC Bechhofen 1923 e.V. 2"]
[BlackTeam "SC Noris-Tarrasch N 1873 e.V. 5"]

1. d4 Nf6 2. c4 c5 3. e3 g6 4. Nc3 Bg7 5. Nf3 O-O 6. Bd3 cxd4 7. exd4 d5 8. O-O
b6 9. Bf4 Bb7 10. Rc1 Nc6 11. a3 e6 12. Ne2 dxc4 13. Bxc4 Nd5 14. Bg3 a6 15.
Ba2 Rc8 16. Nf4 Nxf4 17. Bxf4 Nxd4 18. Nxd4 Qxd4 19. Qxd4 Bxd4 20. b4 b5 21.
Rcd1 e5 22. Bh6 Rfd8 23. Rd2 Bd5 24. Bxd5 Rxd5 25. Rfd1 f6 26. Be3 Rc4 27. Kf1
Kf7 28. Rd3 Ke6 29. g3 Rc3 30. Ke2 Rxd3 31. Rxd3 Bxe3 32. Rxe3 f5 33. f3 h5 34.
h4 Rd4 35. Rc3 Rc4 36. Rd3 e4 37. Rb3 Ke5 38. Ke3 Rc1 39. Kf2 Kd4 40. fxe4 fxe4
41. a4 Rc2+ 42. Ke1 Rc3 0-1